Last-Letter Replacements Quiz Stats

 Plays Quiz Updated Aug 11, 2019

Score 0/25 Timer 04:00
2 Plays Today
Question Answer Wrong Answers
F GULL
96.1%
SWAP
0.7%
STYLE
0.2%
REPLAY
0.2%
K ATTACH
94.4%
ASPIRE
0.4%
SPERM
0.8%
GRAY
0.5%
G FROM
94.4%
SHRINK
0.9%
BROMINE
1.3%
REMIND
0.4%
E POLICY
93.2%
FEMUR
1.2%
BAYOU
1.4%
CYST
1.8%
O POLIS
92.7%
ITCHY
0.3%
INTEGER
0.6%
STEERED
1.8%
P SHARK
92.4%
WHALE
0.5%
STREET
1.7%
SCHOOL
0.8%
L BULB
92.2%
HOLY
3.1%
SCALLOP
0.2%
PROTON
0.5%
N MEDIAL
92.2%
HEAVIER
0.3%
KAZOO
0.6%
GUARDED
2.5%
S SLEEPY
92.1%
COMMUNICATE
1.5%
SOCIALIST
0.3%
CHAUFFEUR
1.1%
Z QUID
91.9%
CLUTCH
0.3%
BUSY
0.5%
SNEEZE
0.6%
A ALUMNI
91%
ENERGY
1.4%
SEVERE
4.6%
TREND
2.7%
B THROW
90.8%
CHIME
3.8%
BIRD
1.4%
CLAN
3.6%
W FLAG
89.8%
HORROR
2.1%
BISON
0.8%
SCREAM
1.4%
M ILEUS
89.8%
FLASH
2%
PIZZAZZ
1.2%
SNEAK
2.5%
V REP
89.1%
SALE
4.7%
ZOOM
0.4%
CODA
0.3%
C TALE
86.4%
STRICT
0.3%
RISK
2.2%
FORMALIN
10%
H REACT
85.6%
FLICK
4.8%
CHASM
5.6%
CARGO
0.6%
D SWEETENER
84.5%
SLIDES
10.5%
TRIP
1%
STREAM
2%
Y SEVENTH
84.5%
REPLICA
2%
SAXOPHONE
5.9%
CONSTRICT
1%
X CERVIC
83.1%
CRUCIFIED
2.2%
SPINE
7.1%
FARING
1.4%
Q UMIAK
82.6%
TOOL
7.2%
FLAGPOLE
0.6%
PETUNIA
4.7%
U BEAD
77.8%
BURIAL
1.9%
MILLER
13.6%
INTERVIEW
1.2%
R CLOSET
77%
LEMON
0.5%
INVENTED
17.4%
SYSTEM
0.3%
I RADIO
76.2%
STEADY
9.5%
SPIDER
3.3%
MOUTH
7.2%
T CORONER
75.2%
ANEURYSM
5.7%
JACKAL
6.4%
JOCKEY
7.2%

You're not logged in!

Compare scores with friends on all Sporcle quizzes.
OR
Log In

Sporcle TV

Today on Sporcle TV


Watch our educational content, quiz creation guides, and fun videos on Sporcle TV.

Show Comments

Extras

Top Quizzes Today


Score Distribution

Your Account Isn't Verified!

In order to create a playlist on Sporcle, you need to verify the email address you used during registration. Go to your Sporcle Settings to finish the process.

Report this User

Report this user for behavior that violates our Community Guidelines.

Details: